Gaming Quiz

Random Gaming or Pokémon Quiz
Score 0/47 Timer 10:00
0 Plays Today
Hint Answer % Correct
Generation 7Primarina
100%
Generation 7Cutiefly
90%
Generation 7Tapu Koko
90%
Generation 7Tapu Lele
90%
Generation 7Tapu Bulu
90%
Generation 7Tapu Fini
90%
Generation 1Clefable
89.3%
Generation 1Jigglypuff
85.3%
Generation 1Wigglytuff
84%
Generation 3Gardevoir
82.7%
Generation 2Cleffa
81.3%
Generation 7Ribombee
80%
Generation 7Mimikyu
80%
Generation 7Magearna
80%
Generation 2Igglybuff
78.7%
Generation 3Ralts
76%
Generation 3Kirlia
76%
Generation 6Xerneas
76%
Generation 2Azumarill
73.3%
Generation 6Sylveon
73.3%
Generation 6Diancie
72%
Generation 7Morelull
70%
Generation 7Shiinotic
70%
Generation 2Marill
69.3%
Hint Answer % Correct
Generation 3Mawile
66.7%
Generation 3Azurill
65.3%
Generation 6Klefki
65.3%
Generation 2Togepi
62.7%
Generation 2Togetic
62.7%
Generation 6Slurpuff
62.7%
Generation 4Togekiss
61.3%
Generation 6Flabébé
61.3%
Generation 6Carbink
61.3%
Generation 2Granbull
60%
Generation 6Florges
60%
Generation 6Swirlix
60%
Generation 7Comfey
60%
Generation 1Mr. Mime
58.7%
Generation 2Snubbull
57.3%
Generation 6Floette
57.3%
Generation 6Spritzee
57.3%
Generation 6Aromatisse
57.3%
Generation 6Dedenne
57.3%
Generation 4Mime Jr.
53.3%
Generation 5Cottonee
46.7%
Generation 5Whimsicott
46.7%
Generation 1Clefairy
24%
Remove Ads.
Support Sporcle.
Get the best of Sporcle when you Go Orange. This ad-free experience offers more features, more stats, and more fun while also helping to support Sporcle. Thank you for becoming a member.

You're not logged in!

Compare scores with friends on all Sporcle quizzes.
OR
Log In

Show Comments

Extras

Created Jan 10, 2015ReportNominate
Tags:Pokémon Quiz

Top Quizzes Today


Score Distribution

Your Account Isn't Verified!

In order to create a playlist on Sporcle, you need to verify the email address you used during registration. Go to your Sporcle Settings to finish the process.

Report this User

Report this user for behavior that violates our Community Guidelines.

Details: